Statistics for MAPEH ASSESSMENT

Click here to take the quiz!

General Stats

  • This quiz has been taken 2 times
  • The average score is 3 of 15

Answer Stats

HintAnswer% Correct
The term Origami came from “ori” meaningFolding
100%
and “kami” meaningPaper
100%
They believe that the ________ is a mystical or holy
creature and is said to live for a thousand years.
Crane
50%
A _____ is an assembled or joined aircraft that
was traditionally made of silk or paper with a
bowline and a resilient bamboo.
kite
50%
Decorative Chinese
paper cuttings are usually
symmetrical in design when
unfolded and adapt the ______ animals of the Chinese
Zodiac as themes and motifs
12
0%
Chinese kites may be differentiated into four main categories:Centipede
0%
Chinese kites may be differentiated into four main categories:Flat Kites
0%
In Japan, knot tying is called ______
It emphasizes on braids and focuses on individual
knots.
Hanamusubi
0%
Chinese kites may be differentiated into four main categories:Hard-Winged Kites
0%
is the first type of paper cutting design,
since paper was invented by the Chinese.
Jianzhi
0%
In Korea, decorative knot work is known as“Maedeup or called Dorae”
0%
The best known
Japanese origami is
the
Paper Crane
0%
Chinese kites may be differentiated into four main categories:Soft-Winged Kites
0%
Chinese Kites originated inWeiFang, Sandong, China
0%
is the Chinese decorative
handicraft art that began as a form of Chinese folk
art in the Tang and Song Dynasty (960-1279 AD)
in China.
Zhongguo
0%

Score Distribution

Percentile by Number Answered

Percent of People with Each Score

Your Score History

You have not taken this quiz